| 000 | 00372nam a22001457a 4500 | ||
|---|---|---|---|
| 005 | 20251017070909.0 | ||
| 008 | 251017b |||||||| |||| 00| 0 eng d | ||
| 040 |
_a _c |
||
| 100 |
_aDUTTA DILIP KUMAR _9928 |
||
| 245 | _aMUR SIKHYA ARU MUR SIKHYOK | ||
| 250 | _a2ND | ||
| 260 |
_aDIBRUGARH _bBANALATA _cDECEMBER,2008 |
||
| 300 |
_a367:P _c21CM |
||
| 942 |
_2ddc _cBK |
||
| 999 |
_c31968 _d31968 |
||